Solutions for families /

Bibliographic Details
Main Author: Fellingham, Paula Noble
Corporate Author: NetLibrary, Inc
Format: eBook
Language:English
Published: Provo, UT : Executive Excellence Pub., 1999.
Subjects:
Online Access:Connect to the full text of this electronic book

MARC

Tag First Indicator Second Indicator Subfields
LEADER 00000cam a2200000La 4500
001 in00001742425
005 20220105122404.0
006 m u
007 cr cn-
008 010406s1999 utua s 000 0 eng d
020 |a 0585363986 (electronic bk.) :  |c $17.95 
020 |z 1890009687 
035 |a (OCoLC)ocm47010182 
035 |a 7056  |b (N$T) 
040 |a N$T  |c N$T  |d UtOrBLW 
049 |a IKMN 
100 1 |a Fellingham, Paula Noble.  |0 http://id.loc.gov/authorities/names/nr00012517 
245 1 0 |a Solutions for families /  |c Paula Noble Fellingham. 
264 1 |a Provo, UT :  |b Executive Excellence Pub.,  |c 1999. 
300 |a 224 pages :  |b illustrations ;  |c 24 cm. 
336 |a text  |b txt  |2 rdacontent 
337 |a computer  |b c  |2 rdamedia 
338 |a online resource  |b cr  |2 rdacarrier 
500 |a "A guide for building and strengthening relationships at home" -- Cover. 
533 |a Electronic reproduction.  |b Boulder, Colo. :  |c NetLibrary,  |d 2001.  |n Available via World Wide Web.  |n Access may be limited to NetLibrary affiliated libraries. 
500 |a Electronic resource. 
650 0 |a Families  |x Psychological aspects.  |0 http://id.loc.gov/authorities/subjects/sh2003007664 
655 7 |a Electronic books.  |2 local 
710 2 |a NetLibrary, Inc.  |0 http://id.loc.gov/authorities/names/no99080690 
856 4 1 |u https://proxy.library.tamu.edu/login?url=http://www.netLibrary.com/urlapi.asp?action=summary&v=1&bookid=7056  |z Connect to the full text of this electronic book  |t 0 
994 |a 92  |b IKM 
999 |a MARS 
999 f f |s 286c3eb1-23f4-3731-a255-02fd84eb23bd  |i de60e20b-910f-3a2a-995d-24c34e9d35f3  |t 0 
952 f f |a Texas A&M University  |b College Station  |c Electronic Resources  |d Available Online  |t 0  |h No information provided 
998 f f |t 0  |l Available Online